000 00662nam a2200277Ia 4500
005 20260324125652.0
008 008 260324s9999 xx 000 0 eng d
020 _a9781315601052
037 _aEBOOK
040 _aCRL
040 _beng
040 _cCRL
041 _2eng
041 _aeng
084 _qCRL
100 _aAnne-Marie Singh
_91178853
245 0 _aPolicing and Crime Control in Post-apartheid South Africa
260 _bTaylor and Francis
260 _c2008
365 _a
365 _b240
856 _uhttp://www.taylorfrancis.com/books/9781315601052
942 _cEBOOK
999 _c1774332
_d1774332